Aplikácia výpočtovej inteligencie určená pre edukačné účely

Salvato in:
Dettagli Bibliografici
Autore principale: Ovčiariková, Sabína (Autore)
Altri autori: Kučera, Erik (Relatore della tesi)
Natura: Manoscritto Libro
Lingua:slovacco
Pubblicazione: 2025
Soggetti:
Accesso online:http://is.stuba.sk/zp/portal_zp.pl?podrobnosti=184461
Tags: Aggiungi Tag
Nessun Tag, puoi essere il primo ad aggiungerne!!

MARC

LEADER 00000ntm a22000003a 4500
001 stuzp102333
003 SK-STU
005 20250614211154.7
007 ta
008 150427s2015----xo-----f-mn---000-0-slo-d
040 |a STU  |b slo 
041 0 |a slo 
100 1 |a Ovčiariková, Sabína  |u 030400  |4 aut  |U FEI Fakulta elektrotechniky a informatiky  |T FEI Ústav automobilovej mechatroniky  |X 111013  |U E400  |Y 642  |7 111013 
242 0 1 |a Computational intelligence application designed for educational purposes  |y eng 
245 1 0 |a Aplikácia výpočtovej inteligencie určená pre edukačné účely 
260 |c 2025 
650 4 |a convolutional neural networks  |2 eng 
650 4 |a data balancing  |2 eng 
650 4 |a Manim  |2 eng 
650 4 |a skin lesion classification  |2 eng 
650 4 |a deep learning  |2 eng 
650 4 |a HAM10000  |2 eng 
650 4 |a client-server architecture  |2 eng 
650 4 |a computer vision  |2 eng 
650 4 |a educational application  |2 eng 
650 4 |a Manim  |2 slo 
650 4 |a strojové videnie  |2 slo 
650 4 |a klasifikácia kožných lézií  |2 slo 
650 4 |a hlboké učenie  |2 slo 
650 4 |a klient-server architektúra  |2 slo 
650 4 |a vyvažovanie dát  |2 slo 
650 4 |a HAM10000  |2 slo 
650 4 |a neurónové siete  |2 slo 
650 4 |a edukačná aplikácia  |2 slo 
700 1 |a Kučera, Erik  |u 030400  |k Z1  |4 ths  |U FEI Fakulta elektrotechniky a informatiky  |T FEI Ústav automobilovej mechatroniky  |X 55901  |U E400  |Y 642  |7 A000055901 
856 4 |u http://is.stuba.sk/zp/portal_zp.pl?podrobnosti=184461